Districts of New Zealand - Statistics

General Stats
  • This quiz has been taken 993 times
    536 since last reset
  • The average score is 39 of 67
Answers on the Map
Answers color-coded by a green-red scale on the quiz's map according to % correct below.
 
Answer Stats
Main Region Answer % Correct
Auckland Auckland
93%
Wellington Wellington
92%
Canterbury Christchurch
90%
Waikato Hamilton
83%
Otago Dunedin
82%
Nelson Nelson
82%
Gisborne Gisborne
79%
Southland Invercargill
79%
Hawkes Bay Napier
77%
Bay of Plenty Tauranga
77%
Waikato Rotorua
76%
Southland Southland
76%
Wellington Upper Hutt
76%
Wellington Lower Hutt
75%
Manawatu-Whanganui Palmerston North
75%
Otago Queenstown-Lakes
75%
Waikato Taupō
75%
Taranaki New Plymouth
74%
Tasman Tasman
71%
Waikato Waikato
71%
Northland Whangārei
71%
Waikato Thames-Coromandel
70%
Marlborough Marlborough
69%
Manawatu-Whanganui Whanganui
69%
Hawkes Bay Hastings
66%
Wellington Porirua
66%
Chathams Chatham Islands
64%
West Coast Grey
63%
Southland Gore
61%
Canterbury Kaikōura
61%
Canterbury Timaru
61%
Northland Far North
60%
Wellington Masterton
59%
Bay of Plenty Whakatāne
57%
Wellington Kāpiti Coast
56%
Manawatu-Whanganui Manawatu
56%
Canterbury Ashburton
55%
Otago Central Otago
53%
West Coast Westland
53%
West Coast Buller
50%
Waikato Matamata-Piako
50%
Taranaki South Taranaki
50%
Wellington Carterton
48%
Canterbury Selwyn
48%
Taranaki Stratford
48%
Otago Clutha
47%
Waikato Hauraki
46%
Manawatu-Whanganui Ruapehu
46%
Northland Kaipara
45%
Canterbury Mackenzie
45%
Bay of Plenty Ōpōtiki
45%
Hawkes Bay Wairoa
45%
Waikato Waitomo
43%
Waikato South Waikato
42%
Bay of Plenty Western Bay Of Plenty
42%
Waikato Waipa
41%
Manawatu-Whanganui Horowhenua
40%
Hawkes Bay Central Hawkes Bay
38%
Bay of Plenty Kawerau
38%
Manawatu-Whanganui Rangitikei
38%
Wellington South Wairarapa
38%
Waikato Ōtorohanga
37%
Canterbury Waimate
37%
Canterbury Waimakariri
36%
Manawatu-Whanganui Tararua
34%
Otago Waitaki
33%
Canterbury Hurunui
32%
No matching quizzes found
Score Distribution
Percent of People with Each Score
Percentile by Number Answered
Your Score History
You have not taken this quiz since the last reset